Analýza zápichového brúsenia ložiskových krúžkov v závislosti od použitého rezného prostredia

Uložené v:
Podrobná bibliografia
Hlavný autor: Šebik, Martin (Autor)
Ďalší autori: Bachratý, Michal (Vedúci práce)
Médium: Rukopis Kniha
Jazyk:Slovak
Vydavateľské údaje: 2025
Predmet:
On-line prístup:http://is.stuba.sk/zp/portal_zp.pl?podrobnosti=171655
Tagy: Pridať tag
Žiadne tagy, Buďte prvý, kto otaguje tento záznam!

MARC

LEADER 00000ntm a22000003a 4500
001 stuzp106292
003 SK-STU
005 20250628213030.4
007 ta
008 150427s2015----xo-----f-mn---000-0-slo-d
040 |a STU  |b slo 
041 0 |a slo 
100 1 |a Šebik, Martin  |u 020070  |4 aut  |U SjF Strojnícka fakulta  |T SjF Ústav výrobného inžinierstva a kvality produkcie  |X 117316  |U J0070  |Y 804  |7 117316 
242 0 1 |a Analysis of recess grinding of bearing rings depending on the cutting environment used  |y eng 
245 1 0 |a Analýza zápichového brúsenia ložiskových krúžkov v závislosti od použitého rezného prostredia 
260 |c 2025 
650 4 |a Olej  |2 slo 
650 4 |a Emulzia  |2 slo 
650 4 |a Zapichovacie brúsenie  |2 slo 
650 4 |a Recess grinding  |2 eng 
650 4 |a Oil  |2 eng 
650 4 |a Emulsion  |2 eng 
700 1 |a Bachratý, Michal  |u 020070  |k Z1  |4 ths  |U SjF Strojnícka fakulta  |T SjF Ústav výrobného inžinierstva a kvality produkcie  |X 2443  |U J0070  |Y 804  |7 A000002443 
856 4 |u http://is.stuba.sk/zp/portal_zp.pl?podrobnosti=171655